000
00268nam a2200121Ia 4500
008
190216s9999||||xx |||||||||||||| ||und||
100
_a
Appukkutan Nair P
245
0
_a
Udyanakrishi
260
_b
Kerala Basha Inst
300
_a
110p
650
_a
Botany
942
_c
BK
999
_c
37558
_d
37558